[Event "DEM U12 2023"]
[Site "Willingen GER"]
[Date "2023.05.28"]
[Round "1"]
[White "Vranckx, Oscar"]
[Black "Prashanthakumar, Arju"]
[Result "1/2-1/2"]
[Termination "normal"]
[Board "14"]
[WhiteElo "1733"]
[BlackElo "1291"]
[WhiteClock "01:25:06"]
[BlackClock "00:18:11"]
[PlyCount "54"]
[WhiteFideId "34608788"]
[BlackFideId "34604065"]
[EventCountry "GER"]
[EventRounds "9"]
[EventType "swiss"]
[EventDate "2023.05.27"]

1. e4 {[%clk 01:30:58]} 1... e6 {[%clk 01:30:48]  [%emt 00:00:13]} 2. d4 {[%clk
01:31:23]  [%emt 00:00:04]} 2... d5 {[%clk 01:31:13]  [%emt 00:00:05]} 3. Bd3
{[%clk 01:31:46]  [%emt 00:00:06]} 3... dxe4 {[%clk 01:30:29]  [%emt 00:01:15]}
4. Bxe4 {[%clk 01:32:09]  [%emt 00:00:06]} 4... Nf6 {[%clk 01:30:29]  [%emt
00:00:31]} 5. Bf3 {[%clk 01:32:33]  [%emt 00:00:06]} 5... c5 {[%clk 01:29:32] 
[%emt 00:01:27]} 6. Ne2 {[%clk 01:32:55]  [%emt 00:00:06]} 6... Nc6 {[%clk
01:21:52]  [%emt 00:08:11]} 7. Be3 {[%clk 01:33:18]  [%emt 00:00:08]} 7... Qb6
{[%clk 01:17:45]  [%emt 00:04:38]} 8. Nbc3 {[%clk 01:31:58]  [%emt 00:01:49]}
8... cxd4 {[%clk 01:11:39]  [%emt 00:06:35]} 9. Nxd4 {[%clk 01:29:24]  [%emt
00:03:05]} 9... Bc5 {[%clk 01:05:21]  [%emt 00:06:48]} 10. Nxc6 {[%clk
01:26:32]  [%emt 00:03:22]} 10... Bxe3 {[%clk 01:01:51]  [%emt 00:03:59]} 11.
Qd6 {[%clk 01:26:19]  [%emt 00:00:43]} 11... Bxf2+ {[%clk 00:54:27]  [%emt
00:07:55]} 12. Kf1 {[%clk 01:26:40]  [%emt 00:00:08]} 12... Bc5 {[%clk
00:53:24]  [%emt 00:01:33]} 13. Qd3 {[%clk 01:27:05]  [%emt 00:00:05]} 13...
bxc6 {[%clk 00:47:56]  [%emt 00:06:00]} 14. Na4 {[%clk 01:27:27]  [%emt
00:00:07]} 14... Qc7 {[%clk 00:45:02]  [%emt 00:03:23]} 15. Nxc5 {[%clk
01:27:33]  [%emt 00:00:25]} 15... O-O {[%clk 00:44:15]  [%emt 00:01:17]} 16.
Rd1 {[%clk 01:27:53]  [%emt 00:00:10]} 16... Rb8 {[%clk 00:36:17]  [%emt
00:08:29]} 17. b3 {[%clk 01:27:52]  [%emt 00:00:31]} 17... Nd5 {[%clk 00:33:05]
 [%emt 00:03:42]} 18. c4 {[%clk 01:28:00]  [%emt 00:00:23]} 18... Nb4 {[%clk
00:31:18]  [%emt 00:02:16]} 19. Qd2 {[%clk 01:27:52]  [%emt 00:00:39]} 19...
Na6 {[%clk 00:28:55]  [%emt 00:02:52]} 20. Ne4 {[%clk 01:26:33]  [%emt
00:01:48]} 20... Bb7 {[%clk 00:25:47]  [%emt 00:03:40]} 21. Qg5 {[%clk
01:25:34]  [%emt 00:01:29]} 21... f6 {[%clk 00:23:22]  [%emt 00:02:55]} 22. Qh4
{[%clk 01:25:00]  [%emt 00:01:03]} 22... Rbd8 {[%clk 00:21:27]  [%emt
00:02:25]} 23. Ke2 {[%clk 01:24:59]  [%emt 00:00:30]} 23... Qe5 {[%clk
00:19:47]  [%emt 00:02:10]} 24. Kf2 {[%clk 01:25:04]  [%emt 00:00:27]} 24...
Qb2+ {[%clk 00:17:38]  [%emt 00:02:39]} 25. Kg3 {[%clk 01:25:27]  [%emt
00:00:07]} 25... Qe5+ {[%clk 00:17:47]  [%emt 00:00:21]} 26. Kf2 {[%clk
01:25:06]  [%emt 00:00:50]} 26... Qb2+ {[%clk 00:18:11]  [%emt 00:00:06]} 27.
Kg3 {[%emt 00:02:18]} 27... Qxa2 {[%emt 00:00:07]} 1/2-1/2

[Event "DEM U12 2023"]
[Site "Willingen GER"]
[Date "2023.05.28"]
[Round "1"]
[White "Geschke, David"]
[Black "Fischermann, Simon"]
[Result "0-1"]
[Termination "normal"]
[Board "15"]
[WhiteElo "1458"]
[BlackElo "1659"]
[WhiteClock "00:23:44"]
[BlackClock "00:31:36"]
[PlyCount "102"]
[WhiteFideId "34619658"]
[BlackFideId "34620869"]
[EventCountry "GER"]
[EventRounds "9"]
[EventType "swiss"]
[EventDate "2023.05.27"]

1. d4 {[%clk 01:30:52]  [%emt 00:00:08]} 1... d5 {[%clk 01:30:56]  [%emt
00:00:04]} 2. c4 {[%clk 01:30:31]  [%emt 00:00:51]} 2... dxc4 {[%clk 01:31:21] 
[%emt 00:00:05]} 3. e3 {[%clk 01:30:42]  [%emt 00:00:19]} 3... c5 {[%clk
01:31:18]  [%emt 00:00:33]} 4. Nf3 {[%clk 01:30:13]  [%emt 00:00:58]} 4... cxd4
{[%clk 01:13:04]  [%emt 00:18:44]} 5. Bxc4 {[%clk 01:29:44]  [%emt 00:01:00]}
5... e6 {[%clk 01:04:17]  [%emt 00:09:17]} 6. Qxd4 {[%clk 01:26:34]  [%emt
00:03:39]} 6... Nd7 {[%clk 01:01:03]  [%emt 00:03:44]} 7. O-O {[%clk 01:23:21] 
[%emt 00:03:42]} 7... Ngf6 {[%clk 01:01:11]  [%emt 00:00:23]} 8. Nc3 {[%clk
01:16:16]  [%emt 00:07:35]} 8... a6 {[%clk 00:54:01]  [%emt 00:07:41]} 9. Rd1
{[%clk 01:15:00]  [%emt 00:01:46]} 9... Bc5 {[%clk 00:52:56]  [%emt 00:01:34]}
10. Qd2 {[%clk 01:05:24]  [%emt 00:10:07]} 10... b5 {[%clk 00:49:57]  [%emt
00:03:29]} 11. Bd3 {[%clk 01:03:30]  [%emt 00:02:23]} 11... Bb7 {[%clk
00:49:32]  [%emt 00:00:54]} 12. Qe2 {[%clk 01:02:45]  [%emt 00:01:13]} 12...
O-O {[%clk 00:48:01]  [%emt 00:02:02]} 13. e4 {[%clk 01:00:29]  [%emt
00:02:49]} 13... Qc7 {[%clk 00:40:58]  [%emt 00:07:28]} 14. Bd2 {[%clk
00:56:36]  [%emt 00:04:27]} 14... Ng4 {[%clk 00:37:30]  [%emt 00:03:58]} 15.
Rf1 {[%clk 00:51:22]  [%emt 00:05:45]} 15... Nge5 {[%clk 00:35:37]  [%emt
00:02:23]} 16. Bf4 {[%clk 00:48:24]  [%emt 00:03:28]} 16... Bd6 {[%clk
00:29:46]  [%emt 00:06:20]} 17. Nxe5 {[%clk 00:47:20]  [%emt 00:01:32]} 17...
Nxe5 {[%clk 00:28:37]  [%emt 00:01:40]} 18. Bg3 {[%clk 00:39:39]  [%emt
00:08:11]} 18... Nxd3 {[%clk 00:27:51]  [%emt 00:01:16]} 19. Qxd3 {[%clk
00:39:55]  [%emt 00:00:14]} 19... Bxg3 {[%clk 00:28:12]  [%emt 00:00:09]} 20.
hxg3 {[%clk 00:39:55]  [%emt 00:00:30]} 20... b4 {[%clk 00:24:37]  [%emt
00:04:06]} 21. Nd1 {[%clk 00:33:16]  [%emt 00:07:09]} 21... a5 {[%clk 00:23:54]
 [%emt 00:01:12]} 22. Re1 {[%emt 00:03:53]} 22... Rfd8 {[%clk 00:22:59]} 23.
Qe3 {[%clk 00:28:57]  [%emt 00:02:49]} 23... Ba6 {[%clk 00:20:00]  [%emt
00:03:30]} 24. Rc1 {[%clk 00:26:25]  [%emt 00:03:00]} 24... Qd6 {[%clk
00:18:15]  [%emt 00:02:15]} 25. Rc2 {[%clk 00:21:03]  [%emt 00:05:53]} 25...
Qd3 {[%clk 00:17:21]  [%emt 00:01:25]} 26. Rc5 {[%clk 00:18:11]  [%emt
00:03:19]} 26... Bb7 {[%clk 00:15:41]  [%emt 00:02:09]} 27. Qxd3 {[%clk
00:10:49]  [%emt 00:07:57]} 27... Rxd3 {[%clk 00:15:26]  [%emt 00:00:44]} 28.
f3 {[%clk 00:09:02]  [%emt 00:02:17]} 28... Rd2 {[%clk 00:13:28]  [%emt
00:02:27]} 29. Rc1 {[%clk 00:06:04]  [%emt 00:03:28]} 29... g6 {[%clk 00:10:11]
 [%emt 00:03:48]} 30. Kf1 {[%clk 00:05:23]  [%emt 00:01:12]} 30... h5 {[%clk
00:10:03]  [%emt 00:00:37]} 31. Kg1 {[%clk 00:05:50]  [%emt 00:00:05]} 31...
Ba6 {[%clk 00:08:50]  [%emt 00:01:43]} 32. a3 {[%clk 00:04:39]  [%emt
00:01:41]} 32... b3 {[%clk 00:08:42]  [%emt 00:00:38]} 33. Rb1 {[%clk 00:03:05]
 [%emt 00:02:02]} 33... Bd3 {[%clk 00:06:54]  [%emt 00:02:19]} 34. Rc1 {[%clk
00:03:27]  [%emt 00:00:08]} 34... Rc2 {[%clk 00:03:12]  [%emt 00:04:13]} 35.
Ra1 {[%clk 00:01:03]  [%emt 00:02:55]} 35... Rd8 {[%clk 00:01:19]  [%emt
00:02:22]} 36. a4 {[%clk 00:01:02]  [%emt 00:00:32]} 36... Be2 {[%clk 00:01:10]
 [%emt 00:00:36]} 37. Nc3 {[%clk 00:01:16]  [%emt 00:00:18]} 37... Rdd2 {[%clk
00:01:09]  [%emt 00:00:29]} 38. Nxe2 {[%clk 00:01:17]  [%emt 00:00:31]} 38...
Rxe2 {[%clk 00:01:29]  [%emt 00:00:10]} 39. Rxe2 {[%clk 00:01:46]  [%emt
00:00:02]} 39... Rxe2 {[%clk 00:01:40]  [%emt 00:00:20]} 40. Rb1 {[%clk
00:01:29]  [%emt 00:00:47]} 40... Kf8 {[%clk 00:01:33]  [%emt 00:00:35]} 41.
Kf1 {[%clk 00:01:10]  [%emt 00:00:50]} 41... Rc2 {[%clk 00:01:41]  [%emt
00:00:22]} 42. e5 {[%clk 00:29:10]  [%emt 00:02:30]} 42... Ke7 {[%clk 00:31:51]
 [%emt 00:00:18]} 43. f4 {[%clk 00:29:25]  [%emt 00:00:16]} 43... Kd7 {[%clk
00:31:39]  [%emt 00:00:43]} 44. Rd1+ {[%clk 00:28:39]  [%emt 00:01:17]} 44...
Kc7 {[%clk 00:30:59]  [%emt 00:01:09]} 45. Rd3 {[%clk 00:26:19]  [%emt
00:02:49]} 45... Rxb2 {[%clk 00:30:50]  [%emt 00:00:41]} 46. Ke1 {[%clk
00:26:12]  [%emt 00:00:37]} 46... Kc6 {[%clk 00:30:53]  [%emt 00:00:26]} 47.
Kd1 {[%clk 00:24:04]  [%emt 00:02:39]} 47... Kc5 {[%clk 00:30:51]  [%emt
00:00:30]} 48. Kc1 {[%clk 00:23:40]  [%emt 00:00:55]} 48... Rc2+ {[%clk
00:31:01]  [%emt 00:00:20]} 49. Kb1 {[%clk 00:24:05]  [%emt 00:00:05]} 49...
Kb4 {[%clk 00:31:20]  [%emt 00:00:08]} 50. Rd4+ {[%clk 00:23:46]  [%emt
00:00:51]} 50... Ka3 {[%clk 00:31:18]  [%emt 00:00:32]} 51. Rd3 {[%clk
00:23:44]  [%emt 00:00:32]} 51... Rxg2 {[%clk 00:31:36]  [%emt 00:00:12]} 0-1

[Event "DEM U12 2023"]
[Site "Willingen GER"]
[Date "2023.05.28"]
[Round "1"]
[White "Ramming, Moritz"]
[Black "Iachanou, Daniel"]
[Result "1-0"]
[Termination "normal"]
[Board "16"]
[WhiteElo "1597"]
[BlackElo "1532"]
[WhiteClock "00:33:49"]
[BlackClock "00:33:36"]
[PlyCount "115"]
[WhiteFideId "34618198"]
[BlackFideId "34639403"]
[EventCountry "GER"]
[EventRounds "9"]
[EventType "swiss"]
[EventDate "2023.05.27"]

1. e4 {[%clk 01:30:56]  [%emt 00:00:04]} 1... c5 {[%clk 01:30:17]  [%emt
00:00:43]} 2. Nf3 {[%clk 01:30:52]  [%emt 00:00:34]} 2... e6 {[%clk 01:30:00] 
[%emt 00:00:48]} 3. d4 {[%clk 01:30:33]  [%emt 00:00:49]} 3... cxd4 {[%clk
01:29:59]  [%emt 00:00:30]} 4. Nxd4 {[%clk 01:30:53]  [%emt 00:00:09]} 4... Nc6
{[%clk 01:29:35]  [%emt 00:00:55]} 5. Nc3 {[%clk 01:24:07]  [%emt 00:07:16]}
5... Qc7 {[%clk 01:27:56]  [%emt 00:02:09]} 6. Ndb5 {[%clk 01:16:17]  [%emt
00:08:20]} 6... Qb8 {[%clk 01:25:13]  [%emt 00:03:13]} 7. Be3 {[%clk 01:10:07] 
[%emt 00:06:40]} 7... a6 {[%clk 01:23:53]  [%emt 00:01:51]} 8. Nd4 {[%clk
01:08:17]  [%emt 00:02:19]} 8... Nf6 {[%clk 01:23:32]  [%emt 00:00:51]} 9. Be2
{[%clk 01:04:44]  [%emt 00:04:03]} 9... Be7 {[%clk 01:20:16]  [%emt 00:03:46]}
10. O-O {[%clk 01:02:41]  [%emt 00:02:34]} 10... b5 {[%clk 01:18:22]  [%emt
00:02:24]} 11. a3 {[%clk 00:59:10]  [%emt 00:04:01]} 11... Bb7 {[%clk 01:13:03]
 [%emt 00:05:49]} 12. Nxc6 {[%clk 00:53:35]  [%emt 00:06:04]} 12... Bxc6 {[%clk
01:10:47]  [%emt 00:02:46]} 13. Bf3 {[%clk 00:51:07]  [%emt 00:02:58]} 13...
O-O {[%clk 01:09:31]  [%emt 00:01:46]} 14. g3 {[%clk 00:49:47]  [%emt
00:01:50]} 14... Qb7 {[%clk 01:03:40]  [%emt 00:06:22]} 15. Qd4 {[%clk
00:46:19]  [%emt 00:03:57]} 15... Rab8 {[%clk 00:50:36]  [%emt 00:13:33]} 16.
Bf4 {[%clk 00:42:53]  [%emt 00:03:55]} 16... d6 {[%clk 00:42:59]  [%emt
00:08:08]} 17. Bd2 {[%clk 00:40:52]  [%emt 00:02:31]} 17... Rbd8 {[%clk
00:38:08]  [%emt 00:05:21]} 18. Rfe1 {[%clk 00:37:31]  [%emt 00:03:50]} 18...
Rfe8 {[%clk 00:35:58]  [%emt 00:02:41]} 19. Rad1 {[%clk 00:36:12]  [%emt
00:01:49]} 19... d5 {[%clk 00:33:11]  [%emt 00:03:17]} 20. e5 {[%clk 00:33:38] 
[%emt 00:03:04]} 20... Nd7 {[%clk 00:33:09]  [%emt 00:00:31]} 21. b4 {[%clk
00:31:50]  [%emt 00:02:19]} 21... Nb6 {[%clk 00:30:06]  [%emt 00:03:33]} 22.
Qg4 {[%clk 00:25:57]  [%emt 00:06:22]} 22... Nc4 {[%clk 00:24:59]  [%emt
00:05:38]} 23. Bh6 {[%clk 00:23:04]  [%emt 00:03:22]} 23... g6 {[%clk 00:20:54]
 [%emt 00:04:35]} 24. Bc1 {[%clk 00:19:34]  [%emt 00:04:00]} 24... Qc7 {[%clk
00:18:02]  [%emt 00:03:22]} 25. Qf4 {[%clk 00:18:47]  [%emt 00:01:17]} 25...
Bf8 {[%clk 00:16:12]  [%emt 00:02:20]} 26. Qd4 {[%clk 00:17:04]  [%emt
00:02:13]} 26... Bg7 {[%clk 00:15:19]  [%emt 00:01:22]} 27. Bg5 {[%clk
00:16:10]  [%emt 00:01:24]} 27... Rc8 {[%clk 00:11:47]  [%emt 00:04:03]} 28.
Bf6 {[%clk 00:14:28]  [%emt 00:02:12]} 28... Nxa3 {[%clk 00:11:06]  [%emt
00:01:11]} 29. Re2 {[%clk 00:13:45]  [%emt 00:01:12]} 29... Bb7 {[%clk
00:10:07]  [%emt 00:01:30]} 30. Rd3 {[%clk 00:13:33]  [%emt 00:00:41]} 30...
Qc4 {[%clk 00:09:50]  [%emt 00:00:47]} 31. Qb6 {[%clk 00:13:18]  [%emt
00:00:45]} 31... Qc7 {[%clk 00:08:51]  [%emt 00:01:29]} 32. Qxc7 {[%clk
00:11:11]  [%emt 00:02:38]} 32... Rxc7 {[%clk 00:09:20]  [%emt 00:00:01]} 33.
Nxd5 {[%clk 00:10:34]  [%emt 00:01:07]} 33... Bxd5 {[%clk 00:08:36]  [%emt
00:01:14]} 34. Rxa3 {[%clk 00:10:25]  [%emt 00:00:40]} 34... Bxf3 {[%clk
00:08:53]  [%emt 00:00:12]} 35. Rxf3 {[%clk 00:10:43]  [%emt 00:00:11]} 35...
Bxf6 {[%clk 00:08:28]  [%emt 00:00:56]} 36. exf6 {[%clk 00:10:52]  [%emt
00:00:21]} 36... Rc4 {[%clk 00:08:45]  [%emt 00:00:14]} 37. c3 {[%clk 00:10:38]
 [%emt 00:00:43]} 37... Rec8 {[%clk 00:08:47]  [%emt 00:00:27]} 38. Rd2 {[%clk
00:10:35]  [%emt 00:00:34]} 38... h5 {[%clk 00:08:46]  [%emt 00:00:31]} 39.
Rdd3 {[%clk 00:10:32]  [%emt 00:00:32]} 39... R8c6 {[%clk 00:08:23]  [%emt
00:00:54]} 40. Rd8+ {[%clk 00:05:32]  [%emt 00:05:30]} 40... Kh7 {[%clk
00:08:44]  [%emt 00:00:08]} 41. Rf8 {[%clk 00:04:42]  [%emt 00:01:20]} 41...
Rc7 {[%clk 00:08:20]  [%emt 00:00:54]} 42. h4 {[%clk 00:03:58]  [%emt
00:01:15]} 42... Rd7 {[%clk 00:06:47]  [%emt 00:02:03]} 43. Ra8 {[%clk
00:03:42]  [%emt 00:00:46]} 43... Rc6 {[%clk 00:05:43]  [%emt 00:01:33]} 44.
Kf1 {[%clk 00:01:45]  [%emt 00:02:26]} 44... Rdc7 {[%clk 00:05:36]  [%emt
00:00:38]} 45. Rf8 {[%clk 00:01:53]  [%emt 00:00:21]} 45... Rc4 {[%clk
00:05:12]  [%emt 00:00:55]} 46. Rd3 {[%clk 00:01:54]  [%emt 00:00:29]} 46... g5
{[%clk 00:05:08]  [%emt 00:00:34]} 47. hxg5 {[%clk 00:01:30]  [%emt 00:00:54]}
47... Kg6 {[%clk 00:05:25]  [%emt 00:00:13]} 48. Rg8+ {[%clk 00:01:21]  [%emt
00:00:40]} 48... Kf5 {[%clk 00:05:46]  [%emt 00:00:08]} 49. Rf3+ {[%clk
00:29:20]  [%emt 00:02:31]} 49... Ke4 {[%clk 00:35:46]  [%emt 00:00:30]} 50.
Kg2 {[%clk 00:29:05]  [%emt 00:00:45]} 50... Ke5 {[%clk 00:33:21]  [%emt
00:02:55]} 51. g6 {[%clk 00:26:00]  [%emt 00:03:34]} 51... Rg4 {[%clk 00:32:31]
 [%emt 00:01:21]} 52. g7 {[%clk 00:26:16]  [%emt 00:00:14]} 52... Ke4 {[%clk
00:32:36]  [%emt 00:00:25]} 53. Rf8 {[%clk 00:26:10]  [%emt 00:00:37]} 53... h4
{[%clk 00:32:51]  [%emt 00:00:15]} 54. Rf4+ {[%clk 00:26:19]  [%emt 00:00:21]}
54... Rxf4 {[%clk 00:33:11]  [%emt 00:00:10]} 55. gxf4 {[%clk 00:26:41]  [%emt
00:00:08]} 55... Rxc3 {[%clk 00:33:02]  [%emt 00:00:38]} 56. g8=Q {[%clk
00:26:55]  [%emt 00:00:17]} 56... h3+ {[%clk 00:33:25]  [%emt 00:00:07]} 57.
Kh2 {[%clk 00:27:11]  [%emt 00:00:14]} 57... Rf3 {[%clk 00:33:36]  [%emt
00:00:20]} 58. Qh7+ {[%clk 00:27:15]  [%emt 00:00:25]  Rxf2+  [%clk 00:33:49] 
[%emt 00:00:17]} 1-0

[Event "DEM U12 2023"]
[Site "Willingen GER"]
[Date "2023.05.28"]
[Round "1"]
[White "Tomi, Emilian"]
[Black "Mandalka, Justus"]
[Result "0-1"]
[Termination "normal"]
[Board "17"]
[WhiteElo "1552"]
[BlackElo "1560"]
[WhiteClock "01:06:18"]
[BlackClock "01:04:05"]
[PlyCount "46"]
[WhiteFideId "34651829"]
[BlackFideId "16298144"]
[EventCountry "GER"]
[EventRounds "9"]
[EventType "swiss"]
[EventDate "2023.05.27"]

1. e4 {[%clk 01:30:58]  [%emt 00:00:02]} 1... c5 {[%clk 01:30:54]  [%emt
00:00:06]} 2. Nf3 {[%clk 01:31:25]  [%emt 00:00:03]} 2... Nc6 {[%clk 01:31:20] 
[%emt 00:00:04]} 3. d4 {[%clk 01:31:50]  [%emt 00:00:05]} 3... cxd4 {[%clk
01:31:46]  [%emt 00:00:04]} 4. Nxd4 {[%clk 01:32:16]  [%emt 00:00:04]} 4... g6
{[%clk 01:32:10]  [%emt 00:00:06]} 5. c4 {[%clk 01:32:40]  [%emt 00:00:06]}
5... Bg7 {[%clk 01:32:35]  [%emt 00:00:05]} 6. Be3 {[%clk 01:33:05]  [%emt
00:00:05]} 6... Nf6 {[%clk 01:32:39]  [%emt 00:00:26]} 7. Nc3 {[%clk 01:33:29] 
[%emt 00:00:06]} 7... d6 {[%clk 01:33:00]  [%emt 00:00:08]} 8. Be2 {[%clk
01:33:39]  [%emt 00:00:21]} 8... O-O {[%clk 01:33:20]  [%emt 00:00:10]} 9. O-O
{[%clk 01:34:04]  [%emt 00:00:06]} 9... Bd7 {[%clk 01:33:39]  [%emt 00:00:11]}
10. f3 {[%clk 01:34:21]  [%emt 00:00:13]} 10... Nxd4 {[%clk 01:33:39]  [%emt
00:00:29]} 11. Bxd4 {[%clk 01:34:41]  [%emt 00:00:11]} 11... a5 {[%clk
01:33:05]  [%emt 00:01:05]} 12. b3 {[%clk 01:34:55]  [%emt 00:00:15]} 12... Bc6
{[%clk 01:33:08]  [%emt 00:00:26]} 13. Qd2 {[%clk 01:34:54]  [%emt 00:00:32]}
13... Nd7 {[%clk 01:33:18]  [%emt 00:00:19]} 14. Be3 {[%clk 01:34:54]  [%emt
00:00:30]} 14... Nc5 {[%clk 01:33:32]  [%emt 00:00:16]} 15. Rfc1 {[%clk
01:34:58]  [%emt 00:00:26]} 15... e6 {[%clk 01:31:12]  [%emt 00:02:50]} 16.
Rab1 {[%clk 01:33:15]  [%emt 00:02:14]} 16... Qe7 {[%clk 01:29:48]  [%emt
00:01:54]} 17. Kh1 {[%clk 01:26:50]  [%emt 00:06:55]} 17... f5 {[%clk 01:26:59]
 [%emt 00:03:19]} 18. exf5 {[%clk 01:18:06]  [%emt 00:09:14]} 18... Rxf5 {[%clk
01:25:53]  [%emt 00:01:37]} 19. Rd1 {[%clk 01:14:04]  [%emt 00:04:32]} 19...
Be5 {[%clk 01:21:09]  [%emt 00:05:13]} 20. a3 {[%clk 01:07:19]  [%emt
00:07:16]} 20... Qh4 {[%clk 01:10:05]  [%emt 00:11:33]} 21. h3 {[%clk 01:06:52]
 [%emt 00:00:58]} 21... Qg3 {[%clk 01:08:46]  [%emt 00:01:48]} 22. Bg1 {[%clk
01:07:00]  [%emt 00:00:22]} 22... Rg5 {[%clk 01:07:59]  [%emt 00:01:18]} 23.
Bf1 {[%clk 01:06:18]  [%emt 00:01:13]} 23... Bxf3 {[%clk 01:04:05]  [%emt
00:04:24]} 0-1

[Event "DEM U12 2023"]
[Site "Willingen GER"]
[Date "2023.05.28"]
[Round "1"]
[White "Yan, Haichen"]
[Black "Kateryniuk, Ivan"]
[Result "0-1"]
[Termination "normal"]
[Board "19"]
[WhiteElo "1251"]
[BlackElo "1631"]
[WhiteClock "00:33:05"]
[BlackClock "00:34:22"]
[PlyCount "48"]
[WhiteFideId "34607951"]
[BlackFideId "34138943"]
[EventCountry "GER"]
[EventRounds "9"]
[EventType "swiss"]
[EventDate "2023.05.27"]

1. d4 {[%clk 01:30:57]  [%emt 00:00:02]} 1... d5 {[%clk 01:28:50]  [%emt
00:02:10]} 2. Bf4 {[%clk 01:30:40]  [%emt 00:00:48]} 2... Nf6 {[%clk 01:28:05] 
[%emt 00:01:15]} 3. Nf3 {[%clk 01:30:35]  [%emt 00:00:35]} 3... e6 {[%clk
01:27:25]  [%emt 00:01:09]} 4. c4 {[%clk 01:29:06]  [%emt 00:01:59]} 4... c6
{[%clk 01:26:34]  [%emt 00:01:20]} 5. e3 {[%clk 01:28:29]  [%emt 00:01:08]}
5... Nbd7 {[%clk 01:25:29]  [%emt 00:01:36]} 6. Nc3 {[%clk 01:28:04]  [%emt
00:00:54]} 6... Be7 {[%clk 01:25:07]  [%emt 00:00:52]} 7. cxd5 {[%clk 01:26:06]
 [%emt 00:02:29]} 7... exd5 {[%clk 01:24:32]  [%emt 00:01:04]} 8. Bd3 {[%clk
01:24:58]  [%emt 00:01:38]} 8... Nh5 {[%clk 01:19:05]  [%emt 00:05:56]} 9. Bg3
{[%clk 01:24:17]  [%emt 00:01:11]} 9... Nxg3 {[%clk 01:19:21]  [%emt 00:00:14]}
10. hxg3 {[%clk 01:23:28]  [%emt 00:01:20]} 10... Nf6 {[%clk 01:18:32]  [%emt
00:01:18]} 11. Qc2 {[%clk 01:21:29]  [%emt 00:02:29]} 11... h6 {[%clk 01:16:56]
 [%emt 00:02:06]} 12. a3 {[%clk 01:10:55]  [%emt 00:11:05]} 12... Bd6 {[%clk
01:12:35]  [%emt 00:04:50]} 13. Ne2 {[%clk 01:01:00]  [%emt 00:10:25]} 13...
Bg4 {[%clk 01:08:02]  [%emt 00:04:58]} 14. Ne5 {[%clk 00:57:06]  [%emt
00:04:30]} 14... Bxe2 {[%clk 01:07:01]  [%emt 00:01:29]} 15. Kxe2 {[%clk
00:54:49]  [%emt 00:02:48]} 15... O-O {[%clk 01:05:36]  [%emt 00:01:56]} 16.
Rh3 {[%clk 00:48:33]  [%emt 00:06:46]} 16... c5 {[%clk 00:49:56]  [%emt
00:16:09]} 17. f4 {[%clk 00:45:42]  [%emt 00:03:21]} 17... cxd4 {[%clk
00:46:42]  [%emt 00:03:44]} 18. exd4 {[%clk 00:45:02]  [%emt 00:01:10]} 18...
Rc8 {[%clk 00:47:02]  [%emt 00:00:10]} 19. Qd2 {[%clk 00:44:03]  [%emt
00:01:29]} 19... Re8 {[%clk 00:45:07]  [%emt 00:02:25]} 20. Kf3 {[%clk
00:43:07]  [%emt 00:01:26]} 20... Ne4 {[%clk 00:37:19]  [%emt 00:08:18]} 21.
Bxe4 {[%clk 00:36:41]  [%emt 00:06:56]} 21... dxe4+ {[%clk 00:37:48]  [%emt
00:00:02]} 22. Ke3 {[%clk 00:36:39]  [%emt 00:00:32]} 22... Qb6 {[%clk
00:34:22]  [%emt 00:03:55]} 23. Ke2 {[%clk 00:33:55]  [%emt 00:03:14]} 23... e3
{[%emt 00:06:02]} 24. Qd3 {[%clk 00:33:05]} 24... Qxb2+ {[%emt 00:01:35]} 0-1